DALLY M AWARDS 2021 - RUGBY LEAGUE AUSTRALIA - Statistics

General Stats
  • This quiz has been taken 53 times
  • The average score is 13 of 24
Answer Stats
AWARD WINNER % Correct
Halfback Nathan Cleary
92%
2021 DALLY M TEAM OF THE YEAR S
82%
Dally M Medal Tom Trbojevic
79%
Try Of The Year Tom Trbojevic
79%
Fullback Tom Trbojevic
79%
Ken Irvine Medal (Top Tryscorer) Alex Johnston
77%
Coach Of The Year Craig Bellamy
69%
Wing Brian To'o
67%
Lock Isaah Yeo
64%
Captain Of The Year James Tedesco
64%
Hooker Brandon Smith
59%
Five-eighth Cody Walker
59%
Rookie Of The Year Sam Walker
59%
Front-row Payne Haas
54%
Centre Justin Olam
51%
Top Pointscorer Reuben Garrick
51%
Wing Reuben Garrick
51%
Front-row James Fisher-Harris
49%
Centre Matt Burton
49%
Second-row Isaiah Papali'i
41%
Second-row Viliame Kikau
36%
Provan Summons Medal (Fan's Choice) Josh Morris
18%
Peter Frilingos Headline Moment of the Year Storm's 19-straight wins
3%
Tackle Of The Year Tackle Of The Year
3%
No matching quizzes found
Score Distribution
Percent of People with Each Score
Percentile by Number Answered
Your Score History
You have not taken this quiz